| 000 | 00337nam a2200109 4500 | ||
|---|---|---|---|
| 999 |
_c9864 _d9864 |
||
| 008 | 180720b ||||| |||| 00| 0 eng d | ||
| 245 | _aCops say motive for slay try unknown, are told to probe terror link. | ||
| 260 |
_aPhilippines _bPhilippine Daily Inquirer _cc2016 |
||
| 300 | _apage A8. | ||
| 650 | 0 |
_929178 _aTerrorism. |
|
| 942 |
_2ddc _cPER |
||